Fue acá y hace mucho : antología de leyendas y creencias argentinas /
En el territorio de la Argentina se han desarrollado diversas culturas, amparadas por un abanico de climas y paisajes muy variados. Estas culturas tejieron relatos que reflejan su manera única de ver el mundo, que fue transmitiéndose de padres a hijos mediante el lenguaje y la memoria. "Fue acá...
Guardado en:
| Autor Principal: | |
|---|---|
| Otros Autores: | |
| Formato: | Libro |
| Idioma: | Undetermined |
| Publicado: |
Buenos Aires :
Norma,
2011.
|
| Edición: | 1a ed. 1a reimp. |
| Series: | Grandes obras de la literatura universal ;
19 |
| Materias: | |
| Etiquetas: |
Agregar Etiqueta
Sin Etiquetas, Sea el primero en etiquetar este registro!
|
| LEADER | 02066nam a22002415a 4500 | ||
|---|---|---|---|
| 001 | CEM.cems021133 | ||
| 008 | 240503s2011####ag############000#0#und#d | ||
| 005 | 20240503171328.0 | ||
| 245 | 1 | 0 | |a Fue acá y hace mucho : |b antología de leyendas y creencias argentinas / |c Cecilia Romana ; ilustrado por Gustavo Deveze. |
| 250 | |a 1a ed. 1a reimp. | ||
| 260 | |a Buenos Aires : |b Norma, |c 2011. | ||
| 300 | |a 136 p. | ||
| 490 | 1 | |a Grandes obras de la literatura universal ; |v 19 | |
| 500 | |a Incluye actividades de comprensión y análisis. | ||
| 505 | 0 | |a La flor de lirolay -- La travesía de Deolinda -- El Familiar -- Santos Vega, payador -- Gualicho -- El Pombero -- Coquena -- El Gauchito Gil -- La luz mala -- La noche de Rufina | |
| 520 | |a En el territorio de la Argentina se han desarrollado diversas culturas, amparadas por un abanico de climas y paisajes muy variados. Estas culturas tejieron relatos que reflejan su manera única de ver el mundo, que fue transmitiéndose de padres a hijos mediante el lenguaje y la memoria. "Fue acá y hace mucho" recopila diez relatos inspirados en devociones, leyendas y creencias que se originaron en nuestro territorio, en distintos lugares y diferentes momentos, y continúan teniendo una actualidad innegable. En sus páginas están las histotias de la Difunta Correa y el Gauchito Gil, seres capaces de canalizar el sentimiento religioso de un pueblo que los venera, y también la del mítico payador Santos Vega. Otros relatos se centran en personajes mágicos, como el Pombero, el Familiar, Gualicho y Coquena, el espíritu protector de las vicuñas. Y no falta la Luz Mala, que sorprende a quienes andan de noche por el campo. O la tremenda historia de Rufina Cambaceres, a comienzos del siglo XX, junto a la antigua leyenda de la flor de lirolay. | ||
| 020 | |a 9789501323399 | ||
| 100 | 1 | |a Romana, Cecilia. | |
| 700 | 1 | |a Deveze, Gustavo; il. | |
| 653 | |a Literatura folclórica | ||
| 653 | |a Leyendas argentinas | ||
| 653 | |a Literatura argentina | ||
| 859 | |a CEMS |b BIB. CEMS - Inicial y Primaria |h 398.2 |i R661-1 |k IP |p 5052 |t Ej.1 | ||
